00414nam a2200145Ia 4500008004100000041000900041082001700050100001400067245002600081260003400107300000800141650000800149999001700157952009400174230718s9999 xx 000 0 und d aEng. a340bDĚB-L aDĚb, R. 0aLaw Years on the Spor aPakistanbLaw book compc1998 a364 aLaw c26232d26232 00104070aSIRC-LbSIRC-Ld2023-07-18l0o340 DĚB-Lp21184r2023-07-18w2023-07-18yBK